000 00342pab a2200145 454500
008 180718b1991 xxu||||| |||| 00| 0 eng d
100 _aAlok, Ravita
245 _aLeather industry
_bAn overview
260 _c1991
300 _a24-7.34
362 _a16-28 Feb.
650 _aLeather Industry and Trade
773 _aYojana
909 _a12430
999 _c12430
_d12430